Practical research 2/ (Record no. 359410)
[ view plain ]
| 000 -LEADER | |
|---|---|
| fixed length control field | 00443nam a2200133Ia 4500 |
| 008 - FIXED-LENGTH DATA ELEMENTS--GENERAL INFORMATION | |
| fixed length control field | 181023s9999 xx 000 0 und d |
| 020 ## - INTERNATIONAL STANDARD BOOK NUMBER | |
| International Standard Book Number | 9789719807711 |
| 100 ## - MAIN ENTRY--PERSONAL NAME | |
| Personal name | Barrot, Jessie S. |
| 245 ## - TITLE STATEMENT | |
| Statement of responsibility, etc | Jessie S. Barrot |
| Title | Practical research 2/ |
| 260 ## - PUBLICATION, DISTRIBUTION, ETC. (IMPRINT) | |
| Place of publication, distribution, etc | Quezon City: |
| Name of publisher, distributor, etc | C and E Publishing, Inc. |
| Date of publication, distribution, etc | 2017 |
| 300 ## - PHYSICAL DESCRIPTION | |
| Extent | 268 pages : |
| Other physical details | illustrated ; |
| Dimensions | 25 cm. |
| 500 ## - GENERAL NOTE | |
| General note | Includes bibliographical reference and index |
| 650 ## - SUBJECT ADDED ENTRY--TOPICAL TERM | |
| Topical term or geographic name as entry element | Research -- methodology |
| Withdrawn status | Lost status | Source of classification or shelving scheme | Damaged status | Home library | Current library | Shelving location | Date acquired | Source of acquisition | Total Checkouts | Total Renewals | Full call number | Barcode | Date last seen | Date checked out | Price effective from | Koha item type |
|---|---|---|---|---|---|---|---|---|---|---|---|---|---|---|---|---|
| Library of Congress Classification | Luxembourg Library | Luxembourg Library | Teachers Reference Section | 10/23/2018 | Library Fund | 1 | 1 | LB 2369 .B277 2017 | 20653 | 05/21/2025 | 03/18/2025 | 10/23/2018 | Books |